Acute toxicity determination by express method with worms Tubifex tubifex

Bibliographic Details
Main Authors: Tichý, M. (Author), Rucki, Marián (Author), Pašková, J. (Author), Feltl, Ladislav, 1937- (Author)
Format: Article
Language:Slovak
English
ISSN:0006-9248
Subjects:

MARC

LEADER 00000nab a2200000 a 4500
001 vtls000834863
003 SK-MaSNL
005 20260304110006.0
008 250429c2002 xo 0 slo
015 |a SNBRB2003/05-ccccc 
035 |a CLN000186518 
035 |a urn:nbn:sk:snk-abq5o 
035 |a (urnnbn)urn:nbn:sk:snk:ar-a03frg 
035 |a (uuid)bd263c05-9169-42e9-a614-5844f5ea93e8 
040 |a SNKBUCL  |b slo  |c SNKBUCL  |e AACR2 
041 0 |a eng 
044 |a xo  |c SK 
080 |a 615.9:595.1:616-097:061.3  |2 1997 
245 0 0 |a Acute toxicity determination by express method with worms Tubifex tubifex  |c M. Tichy ... [et al.] 
650 0 7 |a parazitické červy  |2 snkbucl  |9 69015 
650 0 7 |a antiparazitiká  |2 snkbucl  |9 19984 
655 7 |a články z novín a časopisov  |2 snkbucl  |9 267496 
700 1 |a Tichý, M.  |4 aut  |9 572662 
700 1 |a Rucki, Marián  |4 aut  |9 1156109 
700 1 |a Pašková, J.  |4 aut  |9 1134529 
700 1 |a Feltl, Ladislav,  |d 1937-  |4 aut  |9 60644 
773 0 |t Bratislavské lekárske listy  |g Roč. 103, č. 9 (2002), s. 298  |x 0006-9248 
850 |a Slovenská národná knižnica 
852 |a Slovenská národná knižnica 
954 |a odborná, vedecká literatúra pôvodná (slovenská)  |2 lita 
954 |a odborná, vedecká literatúra cudzojazyčná (svetová)  |2 lita 
958 |a article27 
958 |a MI 
958 |a OND 
958 |a EUIPO 
992 |a RBX 
999 |c 2858043  |d 2859973